| 000 | 01332cad a22002415a 4500 | ||
|---|---|---|---|
| 001 | L145088 | ||
| 008 | 080905s2008 xxkbdo f s 000 0 eng d | ||
| 035 | _a(Sirsi) u145088 | ||
| 041 | 0 | _aeng | |
| 050 | 0 | 4 | _a333.33 $2 18 |
| 110 | 2 |
_aColliers International Property Consultants _91881 |
|
| 245 | 0 | 0 |
_aGlobal office real estate review _bmidyear 2008 _h[electronic resource] |
| 260 |
_a[S.l.] _bColliers _c2008 |
||
| 490 | 0 |
_aColliers Global Office Real Estate Review _v2008 |
|
| 520 | _aReveals that despite the global economic downturn, fundamental aspects of the office market remain stable and that developing countries continue to display strong demand for office space. Europe, the Middle East and Africa posted moderate growth figures, while Asia Pacific saw the regional vacancy figure increase. The North American market performed substantially worse, also posting a rise in vacancy figures and a general retreat in the face of the financial turmoil being experienced after the collapse of the subprime market. | ||
| 521 | 2 | _aAdvanced | |
| 590 | _aKA | ||
| 650 | 2 | 4 | _aCOLLIERS GLOBAL OFFICE REAL ESTATE REVIEW |
| 651 | 4 | _aInternational | |
| 690 | _aPROPERTY-COMMERCIAL PROPERTY-COMMERCIAL PROPERTY MARKET | ||
| 856 | 4 | 0 |
_uhttps://www.colliers.com _zView the item free of charge at www.colliers.com... |
| 942 | _n0 | ||
| 999 |
_c108690 _d108690 |
||